Histoire du drapeau de l'Estonie - Statistiques

Statistiques générales
  • Ce quiz a été pris 57 fois
  • Le résultat moyen est 7 sur 9
Statistiques - réponses
Hint Réponse % Correct
Estonie (1919-1940 et drapeau actuel depuis 1990)
95%
Dominion suédois de l'Estonie (1561-1721)
93%
Estonie Danoise (1219-1346)
86%
Occupation allemande pendant la seconde guerre mondiale (1941-1944)
84%
Deuxième drapeau de la république socialiste soviétique d'Estonie (1953-1990)
70%
Confédération Livonienne (1228-1561)
65%
Commune des travailleurs d'Estonie (1918-1919)
58%
Duché d'Estonie (empire Russe) (1721-1918)
58%
Premier drapeau de la république socialiste soviétique d'Estonie (1940-1941 et 1944-1953)
56%
Aucun quiz correspondant
Distribution des résultats
% des personnes avec chaque résultat
Percentile par nombre de réponses
Votre historique - résultats
Vous n’avez pas pris ce quiz